Principles of compiler design (Record no. 5552)
[ view plain ]
| 000 -LEADER | |
|---|---|
| fixed length control field | 00532nam a2200169Ia 4500 |
| 003 - CONTROL NUMBER IDENTIFIER | |
| control field | SGT |
| 020 ## - INTERNATIONAL STANDARD BOOK NUMBER | |
| International Standard Book Number | 9788185015613 |
| 082 ## - DEWEY DECIMAL CLASSIFICATION NUMBER | |
| Classification number | 5.435 |
| Item number | AHO |
| 100 ## - MAIN ENTRY--PERSONAL NAME | |
| Personal name | Aho, Alfred V |
| 245 ## - TITLE STATEMENT | |
| Title | Principles of compiler design |
| 260 ## - PUBLICATION, DISTRIBUTION, ETC. (IMPRINT) | |
| Name of publisher, distributor, etc | Narosa Publishing House |
| Place of publication, distribution, etc | New Delhi |
| Year of Publication | 2002 |
| 300 ## - PAGE DESCRIPTION | |
| No. of Pages | 612p. |
| 650 ## - SUBJECT ADDED ENTRY--TOPICAL TERM | |
| Topical term or geographic name as entry element | COMPUTER SCIENCE |
| 653 ## - KEYWORDS--INDEX TERM | |
| Keyword term | INTRODUCTION TO COMPILERS,PROGRAMMING LANGUAGES,FINITE AUTOMATA AND LEXICAL ANALYSIS,BASIC PARSING TECHNIQUES,ERROR DETECTION AND RECOVERY |
| 700 ## - ADDED ENTRY--PERSONAL NAME | |
| Personal name | Ullman,Jeffery D |
| 942 ## - ADDED ENTRY ELEMENTS (KOHA) | |
| Source of classification or shelving scheme | Dewey Decimal Classification |
| Koha item type | Books |
| 942 ## - ADDED ENTRY ELEMENTS (KOHA) | |
| -- | 8 |
| Withdrawn status | Lost status | Source of classification or shelving scheme | Damaged status | Not for loan | Home library | Current library | Date acquired | SGTU | Total Checkouts | Total Renewals | Full call number | Accession No. (Barcode) | Date last seen | Date last borrowed | Bill Date | Koha item type |
|---|---|---|---|---|---|---|---|---|---|---|---|---|---|---|---|---|
| Dewey Decimal Classification | SGT Engineering Library | SGT Engineering Library | 30/05/2013 | SGTU | 16 | 6 | 5.435 AHO | FE5836 | 25/03/2025 | 17/03/2025 | 09/02/2015 | Books | ||||
| Dewey Decimal Classification | SGT Engineering Library | SGT Engineering Library | 30/05/2013 | SGTU | 5.435 AHO | FE5837 | 09/02/2015 | 09/02/2015 | Books | |||||||
| Dewey Decimal Classification | SGT Engineering Library | SGT Engineering Library | 30/05/2013 | SGTU | 8 | 5.435 AHO | FE5838 | 31/03/2025 | 17/03/2025 | 09/02/2015 | Books | |||||
| Dewey Decimal Classification | SGT Engineering Library | SGT Engineering Library | 30/05/2013 | SGTU | 7 | 4 | 5.435 AHO | FE5839 | 20/12/2019 | 05/12/2019 | 09/02/2015 | Books | ||||
| Dewey Decimal Classification | SGT Engineering Library | SGT Engineering Library | 30/05/2013 | SGTU | 13 | 5 | 5.435 AHO | FE5840 | 12/12/2019 | 07/12/2019 | 09/02/2015 | Books |